000
00288nam a2200109Ia 4500
008
220204s9999 xx 000 0 und d
082
_a
681.326.3
_b
ALE
100
_a
Alexandris, Nikitas A
245
0
_a
Microprocessor system design concepts
260
_a
Delhi
_b
Galgotia
_c
1984
942
_c
BK
999
_c
38959
_d
38959